[Event "Barcelona Sant Marti op-B 16th"]
[Site "Barcelona"]
[Date "2014.07.19"]
[Round "7"]
[White "Palacios Pena, Gerardo"]
[Black "Baltasar Diaz, Vicente"]
[Result "0-1"]
[WhiteElo "1993"]
[BlackElo "1932"]
[PlyCount "64"]
[EventDate "2014.07.13"]
[EventType "swiss"]
[EventRounds "9"]
[EventCountry "ESP"]
[SourceTitle "CBM 161 Extra"]
[Source "ChessBase"]
[SourceDate "2014.08.29"]
[SourceVersion "1"]
[SourceVersionDate "2014.08.29"]
[SourceQuality "1"]

1. d4 d5 2. Nf3 Nf6 3. Bf4 e6 4. c3 Be7 5. h3 c5 6. e3 0-0 7. Bd3 b6 8. Nbd2 Ba6 9. Bc2 Nc6 10. Ne5 Qc8 11. g4 cxd4 12. exd4 Nxe5 13. dxe5 Nd7 14. Nf3 Qc4 15. Qd2 Rac8 16. 0-0-0 Qxa2 17. Bb1 Qa4 18. Nd4 Nc5 19. Bc2 Qa1+ 20. Bb1 Nd3+ 21. Qxd3 Bxd3 22. Rxd3 Rc4 23. Nc2 Qa5 24. Be3 Rfc8 25. Rhd1 b5 26. Kd2 b4 27. Nxb4 Bxb4 28. cxb4 Qxb4+ 29. Ke2 Qxb2+ 30. R3d2 Qxe5 31. Kf1 Rc1 32. Kg2 Rxb1 0-1

[Event "Vall del Tenes op 3rd"]
[Site "Santa Eulalia de Roncana"]
[Date "2014.06.13"]
[Round "8"]
[White "Roquet Estrada, Albert"]
[Black "Baltasar Diaz, Vicente"]
[Result "0-1"]
[WhiteElo "2005"]
[BlackElo "1905"]
[PlyCount "65"]
[EventDate "2014.04.25"]
[EventType "swiss"]
[EventRounds "8"]
[EventCountry "ESP"]
[SourceTitle "EXT 2015"]
[Source "ChessBase"]
[SourceDate "2014.11.20"]
[SourceVersion "1"]
[SourceVersionDate "2014.11.20"]
[SourceQuality "1"]

1. e4 e6 2. Qe2 Be7 3. g3 Nc6 4. Nf3 Nb4 5. d4 d5 6. c3 dxe4 7. Qxe4 Nf6 8. Qe2 Nbd5 9. Bg2 0-0 10. 0-0 Rb8 11. Nbd2 c5 12. dxc5 Bxc5 13. Nb3 Bd6 14. Bd2 Qc7 15. Rfe1 a6 16. a3 Qb6 17. Qd1 Ng4 18. Nfd4 Ndf6 19. Re2 Bd7 20. a4 e5 21. Nf3 Be6 22. Nc1 Bc4 23. Be3 Nxe3 24. Rxe3 Bc5 25. Nxe5 Bxe3 26. Nxc4 Bxf2+ 27. Kh1 Qe6 28. Qf1 Rbd8 29. Na2 Rfe8 30. Qxf2 Qxc4 31. Bf3 Ne4 32. Qg2 Rd2 33. Bxe4 0-1

[Event "Vall del Tenes op 3rd"]
[Site "Santa Eulalia de Roncana"]
[Date "2014.05.30"]
[Round "6"]
[White "Urena Casacuberta, Lluis"]
[Black "Baltasar Diaz, Vicente"]
[Result "0-1"]
[WhiteElo "2051"]
[BlackElo "1905"]
[PlyCount "69"]
[EventDate "2014.04.25"]
[EventType "swiss"]
[EventRounds "8"]
[EventCountry "ESP"]
[SourceTitle "CBM 160 Extra"]
[Source "ChessBase"]
[SourceDate "2014.07.01"]
[SourceVersion "1"]
[SourceVersionDate "2014.07.01"]
[SourceQuality "1"]

1. e4 e6 2. d4 d5 3. exd5 exd5 4. Bd3 Nc6 5. Ne2 Bd6 6. c3 Nge7 7. Bf4 Bf5 8. 0-0 0-0 9. Bxf5 Nxf5 10. Bxd6 Qxd6 11. Ng3 Nce7 12. Nd2 Rae8 13. Re1 Nxg3 14. fxg3 Nf5 15. Qf3 Qh6 16. Qxf5 Qxd2 17. Qf2 Qxf2+ 18. Kxf2 f6 19. Kf3 Kf7 20. Rad1 Rxe1 21. Rxe1 Re8 22. Rxe8 Kxe8 23. Kf4 Kf7 24. g4 Ke6 25. h4 b6 26. b4 h6 27. g5 hxg5+ 28. hxg5 f5 29. b5 g6 30. g4 fxg4 31. Kxg4 Kd6 32. Kf4 Ke6 33. Ke3 Kf5 34. Kf3 Kxg5 35. Kg3 0-1

[Event "Vall del Tenes op 3rd"]
[Site "Santa Eulalia de Roncana"]
[Date "2014.05.16"]
[Round "4"]
[White "Molano Lafuente, Ismael"]
[Black "Baltasar Diaz, Vicente"]
[Result "1-0"]
[WhiteElo "2172"]
[BlackElo "1905"]
[PlyCount "53"]
[EventDate "2014.04.25"]
[EventType "swiss"]
[EventRounds "8"]
[EventCountry "ESP"]
[SourceTitle "CBM 160 Extra"]
[Source "ChessBase"]
[SourceDate "2014.07.01"]
[SourceVersion "1"]
[SourceVersionDate "2014.07.01"]
[SourceQuality "1"]

1. d4 d5 2. e3 e6 3. Bd3 Nf6 4. Nd2 Nbd7 5. f4 c5 6. c3 Be7 7. Qf3 0-0 8. Nh3 c4 9. Bc2 b5 10. a3 Bb7 11. 0-0 a5 12. Nf2 b4 13. Qh3 bxc3 14. bxc3 a4 15. g4 g6 16. g5 Ne8 17. Ng4 Qa5 18. Qh6 Qxc3 19. Rf3 f5 20. gxf6 Nexf6 21. Bxg6 Qxa1 22. Rg3 Qxc1+ 23. Nf1 Rf7 24. Nxf6+ Nxf6 25. Bh5+ Kh8 26. Bxf7 Bf8 27. Qxf6+ 1-0

[Event "Roncana op-A 7th"]
[Site "Santa Eulalia de Roncana"]
[Date "2013.10.12"]
[Round "2"]
[White "Molano Lafuente, Ismael"]
[Black "Baltasar Diaz, Vicente"]
[Result "1-0"]
[WhiteElo "2000"]
[BlackElo "1640"]
[PlyCount "61"]
[EventDate "2013.10.05"]
[EventType "swiss"]
[EventRounds "8"]
[EventCountry "ESP"]
[SourceTitle "CBM 157 Extra"]
[Source "ChessBase"]
[SourceDate "2013.12.19"]
[SourceVersion "1"]
[SourceVersionDate "2013.12.19"]
[SourceQuality "1"]

1. f4 c5 2. Nf3 Nc6 3. d3 g6 4. c3 Bg7 5. g3 d6 6. Bg2 Nf6 7. 0-0 0-0 8. Na3 Bd7 9. Kh1 Qc8 10. e4 Bh3 11. Qe2 Bxg2+ 12. Qxg2 d5 13. e5 Ng4 14. h3 Nh6 15. Bd2 Qf5 16. Ne1 d4 17. c4 f6 18. g4 Qe6 19. Nb5 Rac8 20. f5 Qd7 21. e6 Qd8 22. Qe4 g5 23. Nf3 a6 24. Na3 Qc7 25. Rg1 Ne5 26. Nxe5 Qxe5 27. Qxe5 fxe5 28. Bxg5 Rfe8 29. Rae1 Rb8 30. Bxh6 Bxh6 31. g5 1-0

[Event "Vall del Tenes op 2nd"]
[Site "Vall del Tenes"]
[Date "2013.05.31"]
[Round "8"]
[White "Baltasar Diaz, Vicente"]
[Black "Batalle Mompart, Carles"]
[Result "1-0"]
[WhiteElo "1431"]
[BlackElo "1634"]
[PlyCount "93"]
[EventDate "2013.04.05"]
[EventType "swiss"]
[EventRounds "8"]
[EventCountry "ESP"]
[SourceTitle "EXT 2014"]
[Source "ChessBase"]
[SourceDate "2013.11.20"]
[SourceVersion "1"]
[SourceVersionDate "2013.11.20"]
[SourceQuality "1"]

1. d4 c5 2. Nf3 Nf6 3. Nc3 d6 4. dxc5 Qa5 5. cxd6 Ne4 6. Qd5 Nc5 7. e3 a6 8. Be2 e6 9. Qd2 Bxd6 10. Qxd6 Ne4 11. Qd3 Nc5 12. Qc4 Nc6 13. 0-0 Nd7 14. Bd2 Qd8 15. Bd3 Nde5 16. Nxe5 Nxe5 17. Qe4 Qc7 18. Ne2 f5 19. Qf4 g5 20. Qg3 Qc5 21. Bc3 Ng6 22. Bxh8 Nxh8 23. Qxg5 Nf7 24. Qg8+ Ke7 25. Nd4 b5 26. Qxh7 Bb7 27. Qh4+ Kd7 28. Nf3 Rg8 29. e4 Rg4 30. Qf6 Ke8 31. Qxe6+ Kf8 32. Rae1 Bc8 33. Qd5 Qb6 34. Ne5 Rg7 35. Nxf7 Rxf7 36. exf5 Bb7 37. Qe5 Kg8 38. Qe8+ Kg7 39. Re7 Bd5 40. Rxf7+ Bxf7 41. Qe5+ Kg8 42. Re1 Qa5 43. Qg3+ Kf8 44. Qb8+ Kg7 45. Qe5+ Kg8 46. f6 Bh5 47. Qg3+ 1-0